| 000 | 00829cab a2200265 4500 | ||
|---|---|---|---|
| 001 | ABS59983 | ||
| 008 | 090401t1999 xxu||||| |||| 00| 0 eng d | ||
| 035 | _a(Sirsi) u90682 | ||
| 041 | _aeng | ||
| 100 | _aCook, A. | ||
| 245 | _aNo-go area | ||
| 260 | _c1999 | ||
| 350 | _a0 | ||
| 490 |
_aBuilding _v264(8069) 8 January 1999, 55(1) |
||
| 520 | _aArgues that disputes between environmental consultants and their clients over who carries the risk of cleaning up contaminated land are being compounded by inconsistent guidance from the Environment Agency. | ||
| 650 | _aCONSULTANTS | ||
| 650 | _aCONTAMINATED LAND | ||
| 650 | _aDECONTAMINATION | ||
| 650 | _aENVIRONMENT AGENCY | ||
| 650 | _aINSURANCE ISSUES | ||
| 650 | _aPROFESSIONAL INDEMNITY INSURANCE | ||
| 690 | _aLAND | ||
| 942 | _n0 | ||
| 948 | _c13/01/1999 | ||
| 999 |
_c57500 _d57500 |
||